Kinetic Theory and Transport Phenomena /
Saved in:
| Main Author: | |
|---|---|
| Format: | Book |
| Language: | English |
| Published: |
Oxford
Oxford University Press
2016
|
| Edition: | 1st Ed. |
| Series: | Oxford Master Series in Physics
|
| Subjects: | |
| Tags: |
No Tags, Be the first to tag this record!
|
MARC
| LEADER | 00000nam a22000003a 4500 | ||
|---|---|---|---|
| 001 | 0030798 | ||
| 003 | SK-STU | ||
| 005 | 20180131093858.5 | ||
| 007 | ta | ||
| 008 | 180131s ----xo-----e------000-0-----d | ||
| 020 | |a 978-0-19-871606-8 | ||
| 040 | |a STU |b slo | ||
| 041 | 0 | |a eng | |
| 044 | |a xxk | ||
| 100 | 1 | |a Soto, Rodrigo |4 aut | |
| 245 | 1 | 0 | |a Kinetic Theory and Transport Phenomena / |c aut. Rodrigo Soto |
| 250 | |a 1st Ed. | ||
| 260 | |a Oxford |b Oxford University Press |c 2016 | ||
| 300 | |a 259 s. | ||
| 490 | 0 | |a Oxford Master Series in Physics | |
| 650 | 0 | 7 | |a fyzika |
| 650 | 0 | 7 | |a kinetika |
| 996 | |b 284M087598 |c M* 14087-1 |l MMKN |s A |a 24 |w 0030798_0001 | ||